[Event "?"]
[Site "?"]
[Date "????.??.??"]
[Round "?"]
[White "Prochaska, J."]
[Black "Munninghoff, A."]
[Result "1-0"]
[WhiteElo "2003"]
[BlackElo "1945"]
[PlyCount "79"]
[EventDate "2013.??.??"]
[WhiteTeam "Salzburg"]
[BlackTeam "Niederlande"]

1. e4 c5 2. Nf3 Nc6 3. d4 cxd4 4. c3 g6 5. cxd4 d5 6. exd5 Qxd5 7. Nc3 Qd8 8.
d5 Nb8 9. Bb5+ Bd7 10. O-O Bxb5 11. Nxb5 a6 12. Qa4 Nd7 13. Nc3 Nh6 14. d6 e6
15. Nd5 b5 16. Qd4 f6 17. Nc7+ Kf7 18. Ng5+ fxg5 19. Qxh8 Bg7 20. Qxd8 Rxd8 21.
Bxg5 Nf6 22. Rad1 Nf5 23. Rfe1 Rxd6 24. Rxd6 Nxd6 25. Nxe6 Nfe4 26. Nxg7 Nxg5
27. h4 Nge4 28. Ne8 Kxe8 29. f3 Kf7 30. fxe4 Ke6 31. b3 Ke5 32. Kf2 b4 33. Kf3
Nb5 34. Ke3 Nc3 35. Kd3 Nxa2 36. Ra1 Nc3 37. Ra5+ Kf4 38. e5 Kf5 39. Kd4 Nb5+
40. Rxb5 1-0

[Event "?"]
[Site "?"]
[Date "????.??.??"]
[Round "?"]
[White "Hedin, G."]
[Black "Nagorni, W."]
[Result "0-1"]
[WhiteElo "2125"]
[BlackElo "2061"]
[PlyCount "74"]
[EventDate "2013.??.??"]
[WhiteTeam "Schweden 2"]
[BlackTeam "Widukind 2"]

1. d4 Nf6 2. c4 c5 3. d5 e6 4. Nc3 exd5 5. cxd5 d6 6. e4 g6 7. Nge2 Bg7 8. Ng3
O-O 9. Be2 b6 10. O-O Ba6 11. Bf4 Bxe2 12. Qxe2 a6 13. a4 Re8 14. f3 Qe7 15.
Qd2 Nbd7 16. Rab1 Rab8 17. Rbc1 b5 18. axb5 axb5 19. b4 c4 20. Nh1 Ne5 21. Nf2
Nh5 22. Be3 Rf8 23. f4 Nd7 24. Ne2 f5 25. exf5 gxf5 26. Nd4 Bxd4 27. Bxd4 Ndf6
28. Bc3 Qf7 29. Rcd1 Ra8 30. Qd4 Qa7 31. g3 Qxd4 32. Rxd4 Rfe8 33. Rd2 Ra3 34.
Bd4 Kf7 35. Ra1 Rxa1+ 36. Bxa1 Re1+ 37. Kg2 Rg1+ 0-1

[Event "?"]
[Site "?"]
[Date "????.??.??"]
[Round "?"]
[White "Korman, U."]
[Black "Kluger, H."]
[Result "1-0"]
[WhiteElo "2150"]
[BlackElo "1950"]
[PlyCount "99"]
[EventDate "2013.??.??"]
[WhiteTeam "Schweden 2"]
[BlackTeam "Widukind 2"]

1. e4 g6 2. d4 Bg7 3. Bc4 d6 4. Bb3 Nf6 5. Qe2 e5 6. dxe5 dxe5 7. Nf3 Qe7 8.
Nc3 c6 9. h3 h6 10. O-O O-O 11. Be3 b6 12. a4 Ba6 13. Bc4 Bb7 14. Rfb1 Nbd7 15.
b4 Rfe8 16. Nd2 Nh5 17. g3 Kh7 18. a5 Nhf6 19. Qf3 b5 20. Bf1 a6 21. Nd1 c5 22.
c4 cxb4 23. cxb5 axb5 24. Bxb5 Ba6 25. Bxa6 Rxa6 26. Qe2 Rea8 27. Qb5 Bf8 28.
f3 Qe6 29. Kg2 Qc6 30. Qxc6 Rxc6 31. Nb2 Ne8 32. Nbc4 Nc7 33. Nb6 Rd8 34. Rc1
Rc3 35. Ndc4 Nc5 36. Rxc3 bxc3 37. Rc1 Nb5 38. Nd5 Nd3 39. Rd1 Rc8 40. Ndb6 Rd8
41. Nd5 Rc8 42. Ncb6 Nb2 43. Rb1 Na3 44. Rc1 Nd3 45. Nxc8 c2 46. a6 Nb5 47. Ra1
Bc5 48. Bxc5 c1=Q 49. Rxc1 Nxc1 50. Nd6 1-0

[Event "?"]
[Site "?"]
[Date "????.??.??"]
[Round "?"]
[White "Deppe, C."]
[Black "Walther, D."]
[Result "0-1"]
[WhiteElo "1863"]
[BlackElo "2159"]
[PlyCount "99"]
[EventDate "2013.??.??"]
[WhiteTeam "SV Dresden-Striesen 1990"]
[BlackTeam "Rheno Palatinat"]

1. Nf3 c5 2. c4 Nc6 3. e3 g6 4. d4 cxd4 5. Nxd4 Bg7 6. Nc3 Nh6 7. Be2 O-O 8.
O-O d6 9. Nc2 f5 10. Rb1 Nf7 11. Nb5 a6 12. Nbd4 e5 13. Nf3 Be6 14. b3 Qc7 15.
Ba3 Rfd8 16. Qc1 Rab8 17. Nb4 Qa5 18. Nxc6 bxc6 19. b4 Qc7 20. Rd1 a5 21. bxa5
Rxb1 22. Qxb1 Qxa5 23. Qb4 Qxb4 24. Bxb4 Bf8 25. a4 Rb8 26. Be1 Rb2 27. Rd2 Rb1
28. Ra2 e4 29. Nd2 Rxe1+ 30. Bf1 Ne5 31. f4 exf3 32. Kf2 Rd1 33. gxf3 d5 34.
Be2 Rxd2 35. Rxd2 Bc5 36. f4 Nf7 37. Rc2 Nd6 38. Kf3 dxc4 39. a5 Bd5+ 40. Kg3
Bxe3 41. Bf3 Kf7 42. h4 Bc5 43. a6 Nb5 44. Be2 Nd4 45. Ra2 c3 46. a7 Nxe2+ 47.
Rxe2 Bxa7 48. h5 Be4 49. hxg6+ hxg6 50. Kh4 0-1

[Event "?"]
[Site "?"]
[Date "????.??.??"]
[Round "?"]
[White "Andersson, G."]
[Black "Van Herck, M."]
[Result "1/2-1/2"]
[WhiteElo "2073"]
[BlackElo "2104"]
[PlyCount "37"]
[EventDate "2013.??.??"]
[WhiteTeam "Schweden 3"]
[BlackTeam "Belgien 2"]

1. e4 e6 2. d4 d5 3. Nc3 Bb4 4. Nge2 dxe4 5. a3 Be7 6. Nxe4 Nc6 7. Bf4 Nf6 8.
Qd3 Nxe4 9. Qxe4 Bf6 10. O-O-O Ne7 11. Nc3 c6 12. Be5 Nd5 13. Nxd5 cxd5 14.
Bxf6 Qxf6 15. Bb5+ Ke7 16. Qe1 Qf4+ 17. Kb1 Rd8 18. Qb4+ Qd6 19. Qxd6+ 1/2-1/2

[Event "?"]
[Site "?"]
[Date "????.??.??"]
[Round "?"]
[White "Strauss, P."]
[Black "Miles, R."]
[Result "1-0"]
[WhiteElo "1800"]
[BlackElo "2088"]
[PlyCount "69"]
[EventDate "2013.??.??"]
[WhiteTeam "BSW/DBAG 3"]
[BlackTeam "Wales"]

1. d4 Nf6 2. c4 g6 3. g3 Bg7 4. Bg2 O-O 5. Nf3 d6 6. O-O Nbd7 7. Qc2 e5 8. Rd1
exd4 9. Nxd4 a6 10. b3 Rb8 11. Bb2 Re8 12. Nc3 c5 13. Nf3 b5 14. cxb5 axb5 15.
Rxd6 Qe7 16. Rd2 b4 17. Na4 Bb7 18. Rad1 Bc6 19. Nh4 Bb5 20. e3 Rbc8 21. Nf3 c4
22. bxc4 Bxc4 23. Bxf6 Qxf6 24. Rd6 Be6 25. Qd2 Ne5 26. Nxe5 Qxe5 27. Rd4 Bf8
28. Nb6 Rc7 29. Nd5 Ra7 30. Nxb4 Bxb4 31. Qxb4 Rxa2 32. Rd8 Bf5 33. Bc6 Bd7 34.
R8xd7 Qf6 35. Qf4 1-0

[Event "?"]
[Site "?"]
[Date "????.??.??"]
[Round "?"]
[White "Nordby, B."]
[Black "Kempe, R."]
[Result "1-0"]
[WhiteElo "2097"]
[BlackElo "1885"]
[PlyCount "73"]
[EventDate "2013.??.??"]
[WhiteTeam "Blindern Oldtimers"]
[BlackTeam "VS Seniorenschachklub DD"]

1. d4 Nf6 2. Nf3 g6 3. c4 Bg7 4. Nc3 O-O 5. e4 d6 6. Be2 Re8 7. O-O Nbd7 8. e5
dxe5 9. dxe5 Ng4 10. e6 Nde5 11. exf7+ Nxf7 12. Qb3 e6 13. Rd1 Qe7 14. Ne4 Nf6
15. Nc3 Kh8 16. h3 c6 17. Ng5 e5 18. Nge4 Bf5 19. Bf3 Rad8 20. Be3 Nxe4 21.
Bxe4 Bxe4 22. Nxe4 b6 23. a4 Qe6 24. a5 c5 25. axb6 axb6 26. Rxd8 Rxd8 27. Ra6
Qc6 28. f3 Bf8 29. Rxb6 Qd7 30. Rb7 Qe8 31. Qb5 Qe6 32. b3 Nd6 33. Qb6 Ra8 34.
Rxh7+ Kg8 35. Ng5 Qf5 36. Qc7 Rc8 37. Rh8+ 1-0

[Event "?"]
[Site "?"]
[Date "????.??.??"]
[Round "?"]
[White "Kothe, H."]
[Black "Lerstad, B."]
[Result "0-1"]
[WhiteElo "1754"]
[BlackElo "1918"]
[PlyCount "86"]
[EventDate "2013.??.??"]
[WhiteTeam "VS Seniorenschachklub DD"]
[BlackTeam "Blindern Oldtimers"]

1. e4 e5 2. Nf3 Nc6 3. Bb5 a6 4. Ba4 Nf6 5. O-O Be7 6. Re1 b5 7. Bb3 O-O 8. c3
d6 9. d3 Na5 10. Bc2 c5 11. Nbd2 Nc6 12. Nf1 Re8 13. d4 cxd4 14. cxd4 Bg4 15.
Be3 d5 16. exd5 Nxd5 17. Qd3 g6 18. Nxe5 Ndb4 19. Nxc6 Nxd3 20. Nxd8 Nxe1 21.
Rxe1 Raxd8 22. f3 Be6 23. b3 Bd5 24. Ng3 Bb4 25. Re2 f5 26. Kf2 Rc8 27. Bd3 Bc3
28. f4 Re6 29. Nf1 Rce8 30. g3 Kf7 31. Rc2 Rc6 32. Re2 Rd6 33. Rc2 Ba5 34. Nd2
Rc6 35. Rxc6 Bxc6 36. Nf3 Bxf3 37. Kxf3 Rd8 38. a4 Rd5 39. axb5 axb5 40. Bc1
Bc3 41. Be3 Ke7 42. Ke2 Kd6 43. Kf3 Kc6 0-1

[Event "?"]
[Site "?"]
[Date "????.??.??"]
[Round "?"]
[White "Sobeck, G."]
[Black "Berger, F."]
[Result "1-0"]
[WhiteElo "2096"]
[BlackElo "1660"]
[PlyCount "65"]
[EventDate "2013.??.??"]
[WhiteTeam "USG Chemnitz"]
[BlackTeam "BSW/DBAG 5"]

1. b4 e6 2. Bb2 Nf6 3. a3 d5 4. e3 a6 5. c4 dxc4 6. Bxc4 Nbd7 7. Nf3 b5 8. Be2
Bd6 9. d4 Bb7 10. Nbd2 Ne4 11. O-O Nxd2 12. Qxd2 O-O 13. Rac1 Nf6 14. Rfd1 Ne4
15. Qc2 Qe7 16. Ne5 f5 17. f3 Nf6 18. Bd3 Bxe5 19. dxe5 Nd5 20. Bd4 Rfc8 21. e4
fxe4 22. Bxe4 h6 23. f4 c6 24. Rf1 Rf8 25. Bc5 Qh4 26. Bxf8 Ne3 27. Qf2 Qxf2+
28. Rxf2 Kxf8 29. Rd2 Ke7 30. Bxc6 Bxc6 31. Rxc6 Nc4 32. Rc7+ Kf8 33. Rdd7 1-0

[Event "?"]
[Site "?"]
[Date "????.??.??"]
[Round "?"]
[White "Weichelt, S."]
[Black "Niebuhr, G."]
[Result "1/2-1/2"]
[WhiteElo "1649"]
[BlackElo "2072"]
[PlyCount "43"]
[EventDate "2013.??.??"]
[WhiteTeam "SK Heidenau"]
[BlackTeam "Freibauer Niedersachsen"]

1. e4 e5 2. Nf3 Nc6 3. Bb5 a6 4. Bxc6 dxc6 5. Nxe5 Qd4 6. f4 Qxe4+ 7. Qe2 Qxe2+
8. Kxe2 f6 9. Nf3 Bf5 10. d3 O-O-O 11. Re1 Bc5 12. Be3 Bxe3 13. Kxe3 Ne7 14.
Nc3 Bg4 15. h3 Nf5+ 16. Kf2 Bxf3 17. gxf3 Nd4 18. Rac1 Rhe8 19. Ne2 c5 20. Nxd4
cxd4 21. Re4 f5 22. Re5 1/2-1/2

[Event "?"]
[Site "?"]
[Date "????.??.??"]
[Round "?"]
[White "Jürgens, P."]
[Black "Kluge, J."]
[Result "1-0"]
[WhiteElo "2023"]
[BlackElo "1438"]
[PlyCount "41"]
[EventDate "2013.??.??"]
[WhiteTeam "Freibauer Niedersachsen"]
[BlackTeam "SK Heidenau"]

1. d4 Nf6 2. Nf3 d5 3. Bf4 e6 4. e3 c5 5. Nbd2 a6 6. c3 c4 7. Be2 Nc6 8. O-O
Nh5 9. Bg5 Nf6 10. e4 h6 11. Bxf6 gxf6 12. b3 b5 13. a4 bxa4 14. bxc4 dxe4 15.
Nxe4 f5 16. Ng3 a3 17. d5 Ne7 18. d6 Ng6 19. c5 Qa5 20. c6 Ra7 21. Qd4 1-0

[Event "?"]
[Site "?"]
[Date "????.??.??"]
[Round "?"]
[White "Fritsch, J."]
[Black "Hanisch, W."]
[Result "1-0"]
[WhiteElo "1958"]
[BlackElo "1211"]
[PlyCount "45"]
[EventDate "2013.??.??"]
[WhiteTeam "Freibauer Niedersachsen"]
[BlackTeam "SK Heidenau"]

1. e4 e5 2. Nf3 Nc6 3. Bb5 Nge7 4. c3 a6 5. Bc4 b5 6. Bb3 Bb7 7. d4 exd4 8.
cxd4 Ng6 9. Ng5 d5 10. Bxd5 Bb4+ 11. Nc3 Bxc3+ 12. bxc3 f6 13. Nf7 Qe7 14. Nxh8
Nxh8 15. O-O O-O-O 16. a4 b4 17. cxb4 Qxb4 18. Be3 g5 19. Qg4+ Kb8 20. Bxc6 Rd6
21. Rab1 Qc3 22. Rxb7+ Ka8 23. Qc8# 1-0

[Event "?"]
[Site "?"]
[Date "????.??.??"]
[Round "?"]
[White "Fleischer, M."]
[Black "Poulsen, H."]
[Result "1-0"]
[WhiteElo "1912"]
[BlackElo "1853"]
[PlyCount "127"]
[EventDate "2013.??.??"]
[WhiteTeam "Rochade MV"]
[BlackTeam "Dänemark 2"]

1. e4 c6 2. Nf3 d5 3. exd5 cxd5 4. d4 Nf6 5. c3 Bf5 6. Bb5+ Bd7 7. Bd3 Nc6 8.
O-O Bg4 9. h3 Bh5 10. Nbd2 e6 11. b4 a6 12. Qb3 Bd6 13. Bb2 O-O 14. a4 Nd7 15.
Rfe1 Qc7 16. Qc2 Bg6 17. Bxg6 hxg6 18. Qd3 Ne7 19. Re2 Nb6 20. Nb3 Nc4 21. Bc1
b6 22. Nbd2 Rac8 23. Nxc4 Qxc4 24. Qxc4 Rxc4 25. Bb2 Rfc8 26. Nd2 R4c7 27. g3
Nf5 28. Rae1 Be7 29. a5 bxa5 30. bxa5 Rb8 31. Nf3 Rcb7 32. Bc1 Rb1 33. Bf4
Rxe1+ 34. Rxe1 Bd6 35. Ne5 Bxe5 36. Bxe5 Rb5 37. Bc7 Ne7 38. Ra1 Nc6 39. Ra3
Kf8 40. Kg2 Ke7 41. Kf3 Kd7 42. Bb6 Ne7 43. g4 Nc8 44. Bc5 Nd6 45. Bxd6 Kxd6
46. Ke3 g5 47. f4 f6 48. fxg5 fxg5 49. Ra2 Rb3 50. Kd3 e5 51. dxe5+ Kxe5 52.
Re2+ Kf6 53. Rf2+ Kg6 54. Kd4 Rb5 55. Rf5 Rxa5 56. c4 Ra3 57. Rxd5 Rxh3 58. c5
Rg3 59. c6 Rxg4+ 60. Kc5 Rf4 61. c7 Rf2 62. Kd6 Rc2 63. Rc5 Rd2+ 64. Kc6 1-0

[Event "?"]
[Site "?"]
[Date "????.??.??"]
[Round "?"]
[White "Kundt, G."]
[Black "Nielsen, P."]
[Result "1/2-1/2"]
[WhiteElo "1512"]
[BlackElo "1753"]
[PlyCount "36"]
[EventDate "2013.??.??"]
[WhiteTeam "Rochade MV"]
[BlackTeam "Dänemark 2"]

1. d4 f5 2. c4 Nf6 3. Nc3 g6 4. Nf3 Bg7 5. g3 O-O 6. Bg2 d6 7. O-O c6 8. e3 Na6
9. a3 Nc7 10. Rb1 a5 11. Bd2 Rb8 12. Qa4 b6 13. Rfc1 Bd7 14. Qc2 b5 15. b3 b4
16. axb4 axb4 17. Na4 Ne4 18. Be1 c5 1/2-1/2

[Event "?"]
[Site "?"]
[Date "????.??.??"]
[Round "?"]
[White "Nordenstrom, S."]
[Black "Scholze, R."]
[Result "1-0"]
[WhiteElo "1929"]
[BlackElo "1956"]
[PlyCount "67"]
[EventDate "2013.??.??"]
[WhiteTeam "Schweden 4"]
[BlackTeam "BSW/DBAG 4"]

1. Nf3 d5 2. d4 Nf6 3. Bf4 e6 4. e3 Bd6 5. Bg5 Nbd7 6. c4 dxc4 7. Bxc4 h6 8.
Bh4 c6 9. O-O Qc7 10. Nc3 Nb6 11. Bd3 g5 12. Bg3 Bxg3 13. hxg3 Nbd7 14. Rc1 Qa5
15. Qc2 Nd5 16. Qe2 O-O 17. e4 Ne7 18. Nh2 e5 19. dxe5 Nxe5 20. Bb1 Be6 21. b3
f5 22. f4 gxf4 23. gxf4 N5g6 24. Na4 fxe4 25. Rc5 Qc7 26. Qxe4 Bd5 27. Rxd5
cxd5 28. Qe6+ Kg7 29. f5 Qe5 30. Nc5 Kh8 31. Nf3 Qxe6 32. Nxe6 Rf6 33. g4 Ne5
34. Nxe5 1-0

[Event "?"]
[Site "?"]
[Date "????.??.??"]
[Round "?"]
[White "Johannsen, I."]
[Black "Hasivar, G."]
[Result "*"]
[WhiteElo "1933"]
[BlackElo "1687"]
[PlyCount "61"]
[EventDate "2013.??.??"]
[WhiteTeam "Störtebeker"]
[BlackTeam "BSW/DBAG 2"]

1. e4 e6 2. d4 d5 3. Nc3 dxe4 4. Nxe4 Nc6 5. Nf3 Be7 6. c3 Nf6 7. Bd3 Bd7 8.
Qc2 Nxe4 9. Bxe4 f5 10. Bd3 O-O 11. Bd2 a6 12. O-O-O b5 13. Kb1 Bf6 14. h4 e5
15. dxe5 Bxe5 16. Bg5 Qc8 17. h5 Bd6 18. h6 g6 19. Rhe1 Re8 20. c4 Bb4 21.
Rxe8+ Qxe8 22. cxb5 axb5 23. Bxb5 Rb8 24. Bc4+ Kf8 25. b3 Be6 26. Qb2 Qf7 27.
Bxe6 Qxe6 28. Qh8+ Qg8 29. Qf6+ Qf7 30. Qxc6 Bd6 31. Qc3 *

[Event "?"]
[Site "?"]
[Date "????.??.??"]
[Round "?"]
[White "Francke, D."]
[Black "Heinig, J."]
[Result "1-0"]
[WhiteElo "1722"]
[BlackElo "1828"]
[PlyCount "81"]
[EventDate "2013.??.??"]
[WhiteTeam "Saxone"]
[BlackTeam "SV Bannewitz"]

1. b4 c6 2. c4 d5 3. e3 e6 4. Bb2 Nf6 5. a3 a5 6. Qb3 axb4 7. axb4 Rxa1 8. Bxa1
Be7 9. c5 Nbd7 10. Nf3 Qc7 11. d4 Ne4 12. Bd3 f5 13. Nfd2 O-O 14. O-O Ndf6 15.
f3 Nxd2 16. Nxd2 Nh5 17. Rf2 Bd7 18. Nf1 g6 19. Ra2 Bf6 20. Ra7 Bc8 21. b5 Rf7
22. b6 Qd7 23. Qa4 Re7 24. f4 g5 25. g3 Rg7 26. Qd1 g4 27. Ra8 Rg6 28. Qa4 h6
29. Qa7 Kh7 30. Qb8 Rg8 31. Nd2 Qd8 32. Qa7 Qe8 33. Nb3 Nxg3 34. hxg3 h5 35.
Na5 h4 36. Nxb7 Qh5 37. Nd6+ Rg7 38. Qa2 hxg3 39. Rxc8 g2 40. Qxg2 g3 41. Be2
1-0

[Event "?"]
[Site "?"]
[Date "????.??.??"]
[Round "?"]
[White "Wünschmann, B."]
[Black "Zanger, K."]
[Result "1-0"]
[WhiteElo "1682"]
[BlackElo "1817"]
[PlyCount "122"]
[EventDate "2013.??.??"]
[WhiteTeam "SV Bannewitz"]
[BlackTeam "Saxone"]

1. b4 g6 2. Bb2 Nf6 3. e3 Bg7 4. Nf3 d6 5. d4 c6 6. c4 d5 7. Nbd2 O-O 8. Be2
Re8 9. O-O Nbd7 10. Qb3 b6 11. a4 Nf8 12. a5 Bf5 13. Rfc1 Ne4 14. Ra3 Nxd2 15.
Nxd2 e5 16. Nf3 e4 17. Nd2 Be6 18. Raa1 Rb8 19. Qa2 b5 20. cxb5 cxb5 21. Rc3 a6
22. Nb3 Nd7 23. Rac1 Bf8 24. Ba3 Nf6 25. Rc6 Rc8 26. Qd2 Rxc6 27. Rxc6 Qa8 28.
Qc3 Kg7 29. Qc1 h5 30. h3 Bd7 31. Rc2 Be6 32. Nc5 Bxc5 33. bxc5 Qc6 34. Bb4 Nd7
35. Qd1 Nf6 36. Qd2 Rg8 37. Qd1 Rh8 38. f4 Bf5 39. Rc1 Rg8 40. Kf2 Rh8 41. Qf1
Rg8 42. Ke1 Kf8 43. Kd2 Ke7 44. Qf2 Nh7 45. g4 hxg4 46. hxg4 Bd7 47. Qh4+ Nf6
48. Qg5 Ke8 49. Qe5+ Kf8 50. Qb8+ Kg7 51. Qe5 Re8 52. Qg5 Rh8 53. f5 Ne8 54.
fxg6 f6 55. Qf4 Nc7 56. g5 Kxg6 57. gxf6 Ne6 58. Rg1+ Kf7 59. Qf5 Nf8 60. Bh5+
Rxh5 61. Qxh5+ Ke6 1-0